000 00315nam a22001337a 4500
008 170301b xxu||||| |||| 00| 0 eng d
020 _aCB-8016
041 _aeng
080 _25TH
_a61
100 _a6
101 _aSHM
245 _aMANUAL OF CLINICAL PROBLEMS IN PULMONARY MEDICINE
_cBORDOW, R.A
942 _2udc
_cBK
999 _c6510
_d6510